[Event "Sousse BICA U16 op 1st"]
[Site "Sousse"]
[Date "2021.12.20"]
[Round "4"]
[White "Jerraya, Youssef"]
[Black "Mefteh, Mohamed"]
[Result "1/2-1/2"]
[WhiteElo "1448"]
[BlackElo "1072"]
[PlyCount "42"]
[EventDate "2021.12.18"]
[EventType "swiss"]
[EventRounds "9"]
[EventCountry "TUN"]
[SourceTitle "CBM 205 Extra"]
[Source "ChessBase"]
[SourceDate "2022.01.31"]
[SourceVersion "1"]
[SourceVersionDate "2022.01.31"]
[SourceQuality "1"]

1. e4 c5 2. Nf3 g6 3. d4 cxd4 4. Nxd4 Bg7 5. c4 Nc6 6. Be3 d6 7. Nc3 Nf6 8. f3 0-0 9. Be2 Bd7 10. 0-0 Qb6 11. Na4 Qd8 12. Nxc6 Bxc6 13. Nc3 Nd7 14. Qd2 a6 15. a4 Nc5 16. Qc2 Qa5 17. Nd5 Bxa4 18. Nxe7+ Kh8 19. Qb1 Nb3 20. Ra3 Bd4 21. Rxb3 Qd2 1/2-1/2